000 01095cam a2200205 4500
001 WB3930-05
008 030805n2003 000 0 eng u
035 _a(Sirsi) u123183
245 _aSave heritage from farming
260 _c2003
490 _aEnglish Heritage Press Release
_v25 July 2003 (4)
520 _aEnglish Heritage has launched a campaign to save ancient heritage from modern farming methods such as intensive ploughing. "Ripping up history" recommends an over-haul of current laws to protect scheduled monuments from cultivation and new agricultural schemes to reward farmers who care for the landscape and archaeological remains. "Ripping up history" leaflet available at www.english-heritage.org.uk/Filestore/policy/pdf/countryside/030725%20RippingUpHistory.pdf. www.english-heritage.org.uk/default.asp?WCI=NewsItem&WCE=324
590 _aWB
650 _aFARMING METHODS
650 _aANCIENT MONUMENTS
650 _aHERITAGE
650 _aARCHAELOGICAL SITES
690 _aBUILT ENVIRONMENT-BUILDING MAINTENANCE AND REFURBISHMENT-BUILDING CONSERVATION
942 _n0
999 _c73157
_d73157